| 000 | 00623nam a2200217 a 4500 | ||
|---|---|---|---|
| 001 | 70182 | ||
| 003 | BD-RjUL | ||
| 005 | 20211209081955.0 | ||
| 008 | 170416s1965 nyua 001 0 eng d | ||
| 035 | _a(BD-RjUL)70395 | ||
| 040 |
_aDLC _cDLC _dDLC _dBD-RjUL _beng |
||
| 041 | _aeng | ||
| 082 | 0 | 0 |
_223 _a519.5 _bGUC 1965 |
| 100 | 1 |
_aGuenther, William C. _9155967 |
|
| 245 | 1 | 0 |
_aConcepts of statistical inference / _cWilliam C. Guenther. |
| 260 |
_aNew York : _bMcGraw-Hill, _c1965 |
||
| 300 |
_axiii, 353 p. : _bill. ; _c23 cm. |
||
| 500 | _aIncludes index | ||
| 650 | 0 |
_aMathematical statistics. _9207847 |
|
| 942 |
_2ddc _cBK |
||
| 999 |
_c70182 _d70182 |
||